Comentarios a la exhortación Menti Nostrae
Na minha lista:
| Autor Corporativo: | |
|---|---|
| Formato: | Livro |
| Idioma: | espanhol |
| Publicado em: |
Bilbao
Ediciones Desclée Brouwer
1951
|
| Edição: | 1a. ed |
| Assuntos: | |
| Tags: |
Adicionar Tag
Sem tags, seja o primeiro a adicionar uma tag!
|
MARC
| LEADER | 00000cam a2200000 a 4500 | ||
|---|---|---|---|
| 001 | UCE9846 | ||
| 003 | CL-VaPUC | ||
| 008 | 151106e19510000sp |||||||||||||||||spa|d | ||
| 082 | 0 | 4 | |a 241 |b OBI |2 21 |
| 110 | 2 | |a Obispado de Bilbao |e author |9 582804 | |
| 245 | 1 | 0 | |a Comentarios a la exhortación Menti Nostrae |
| 250 | |a 1a. ed | ||
| 300 | |a 260 p | ||
| 942 | |c BK | ||
| 945 | |d 20151106 14:16:00 |a gsalatino | ||
| 260 | |a Bilbao |b Ediciones Desclée Brouwer |c 1951 | ||
| 650 | 0 | |a Sacerdotes |9 315705 | |
| 650 | 7 | |a MISIONES CRISTIANAS |2 CL-VaPUC |9 469982 | |
| 583 | |a last modification |c 20151106 14:16:00 |k Rodrigo Vera | ||
| 999 | |c 361489 |d 361487 | ||
| 952 | |0 0 |1 0 |3 erb |4 0 |6 241_000000000000000_OBI_1951 |7 0 |8 P |9 472050 |a BIBTEO |b BIBTES |c TEO_FTES |i 5208483 |o 241 OBI 1951 |p 5208483 |r 2024-01-18 |w 2019-11-24 |y BK |z Catalogado en:20151106 |k ICR | ||